| 000 | 00484nam a2200169Ia 4500 | ||
|---|---|---|---|
| 003 | GCL | ||
| 008 | 140319s9999 xx 000 0 eng d | ||
| 040 |
_aGCL / _cGCL |
||
| 082 | 0 | 4 |
_a338.88 _bT I |
| 245 | 1 | 0 | _aINTERNATIONAL BUSINESS: ENVIRONMENTS, INSTITUTIONS, AND OPERATIONS |
| 260 |
_a[S.N] : _bMacmillan Publishing Company ، _c1991 |
||
| 300 | _a658 P | ||
| 650 | 0 | 4 | _aINTERNATIONAL BUSINESS |
| 650 | 0 | 4 | _aINSTITUTIONS |
| 650 | 0 | 4 | _aINTERNATIONAL ENVIRONMENT |
| 942 |
_2ddc _cBK |
||
| 999 |
_c19112 _d19112 |
||